| 000 | 01426nas a2200277Ia 4500 | ||
|---|---|---|---|
| 001 | R050-S3707 | ||
| 003 | IT-CnALBA | ||
| 008 | 170116c99999999xx |||||||||||| ||und|| | ||
| 040 |
_aIT-CnALBA _cIT-CnALBA |
||
| 041 | _aITALIANO | ||
| 100 | _aCATTANEO MARIO | ||
| 210 | _aLA FAMIGLIA | ||
| 222 | _aLA FAMIGLIA | ||
| 245 | 0 | _aLA FAMIGLIA. MARZO APRILE 1997. PROBLEMI FAMILIARI. | |
| 250 | _a1a ed. | ||
| 260 |
_a BRESCIA _bLA SCUOLA, SOCIETÀ EDITRICE _c1997 [1° Ed.:1997 - Ed.Ling.Originale: 1997] |
||
| 300 | _a96 p. | ||
| 310 | _aBIMESTRALE | ||
| 362 | _aFascicolo: 182 / Anno: 31 (1997) | ||
| 500 | _aLA FAMIGLIA. ONORE ALLA VERITÀ. VITA CONIUGALE E VOCAZIONE ALLA SANTITÀ. RAPPORTI INTERGENERAZIONALI COME PROBLEMA POLITICO. VIOLENZA SUI E DEI BAMBINI. EDUCAZIONE DEI GENITORI, ASSOCIAZIONI FAMILIARI A CONFRONTO. CAMPANINI G. PAZÈ P. C. CONSULENTE FAMILIARE. DA STRASBURGO, ADOZIONE E TUTELA MINORI. | ||
| 501 | _aSocietà San Paolo EM - Piazza San Paolo, 14 - 12051 ALBA (CN) (non commercial uses only) ® Copyright 2017 | ||
| 520 | _aLA FAMIGLIA. ONORE ALLA VERITÀ. VITA CONIUGALE E VOCAZIONE ALLA SANTITÀ. RAPPORTI INTERGENERAZIONALI COME PROBLEMA POLITICO. VIOLENZA SUI E DEI BAMBINI. EDUCAZIONE DEI GENITORI, ASSOCIAZIONI FAMILIARI A CONFRONTO. CAMPANINI G. PAZÈ P. C. CONSULENTE FAMILIARE. DA STRASBURGO, ADOZIONE E TUTELA MINORI. | ||
| 650 | _aFAMIGLIA | ||
| 942 | _cCR | ||
| 957 | _71 | ||
| 999 |
_a65597 _bNO _g1 _c332293 _d332293 |
||